| 000 | 00730nam a2200229 a 4500 | ||
|---|---|---|---|
| 001 | 000024807 | ||
| 005 | 20200930023400.0 | ||
| 008 | 110204s1995 sp r 000 0 spa d | ||
| 020 | _a8488066120 | ||
| 040 |
_aDO-SdBNP _bspa _cBNPHU |
||
| 041 | 1 | 7 |
_aspa _hita _2Código de idiomas MARC |
| 082 |
_ann* _bnn* |
||
| 100 | 1 |
_aRay, Sondra. _944722 |
|
| 240 | 1 | 0 |
_aPure joy. _lEspañol |
| 245 | 1 | 1 |
_a¡Puro gozo! / _cSondra Ray ; traducción de Teresa Sans Morales. |
| 260 |
_aMadrid : _bNeo Person, _c1995. |
||
| 300 |
_a190 p. ; _c21 cm. |
||
| 534 |
_aTítulo original : _tPure joy |
||
| 500 | _aIncluye referencias bobliográficas y notas al pie de las páginas. | ||
| 700 | 1 |
_aSans Morales, Teresa, _etr. _950909 |
|
| 049 | _aBNPHU | ||
| 999 |
_c24300 _d24300 |
||